000 00646cam a22002534a 4500
005 20250605164305.0
008 250528s ||||||||||||||||||||||||d
035 _a22232
020 _a9781319014230
040 _aGR-AtMCL
_bgre
_dGR-AtMCL
_eAACR2
245 1 _aHOW CHILDREN DEVELOP
250 _a5
260 _bMacmillan Press Ltd,
_c2017
300 _a711
700 1 _aDeloache Judy
_95473
700 1 _aEisenberg Nancy
_95474
700 1 _aGershoff Elisabeth
_98103
700 1 _aLeaper Campbell
_98104
700 1 _aSaffran Jenny R
_98105
700 1 _aSiegler Robert
_95475
942 _cBK
999 _c7288
_d7288